| 000 | 00542nam a2200217 a 4500 | ||
|---|---|---|---|
| 999 |
_c7017 _d7017 |
||
| 001 | 7017 | ||
| 003 | BD-JhCC | ||
| 005 | 20180416100455.0 | ||
| 008 | 180204s1962 e |||| || | 001 0 eng d | ||
| 035 | _a(BD-JhCC)7017 | ||
| 040 |
_aBD-JhCC _dBD-JhCC |
||
| 041 | _aeng | ||
| 082 |
_a821.7 _bALL 1962 |
||
| 245 |
_aThe Penguin Book of Cotemporary Verse / _cKenneth Allott |
||
| 260 |
_aLondon : _bPenguin Books, _c1962 |
||
| 300 |
_a413 p. : _c18 cm. |
||
| 650 | _aVerse | ||
| 700 | _aAllott, Kenneth | ||
| 942 |
_2ddc _cBK |
||